Los americanos y su arquitectura / (Record no. 146883)

MARC details
000 -LEADER
campo de control de longitud fija 00603nam a2200193 i 4500
001 - NÚMERO DE CONTROL
campo de control 146883
003 - IDENTIFICADOR DE NÚMERO DE CONTROL
campo de control ES-MaACL
007 - CAMPO FIJO DE DESCRIPCIÓN FÍSICA--INFORMACIÓN GENERAL
campo de control de longitud fija t|
008 - DATOS DE LONGITUD FIJA--INFORMACIÓN GENERAL
campo de control de longitud fija 070919s1983 sp ||||1| spa d
100 1# - ENTRADA PRINCIPAL--NOMBRE DE PERSONA
Nombre de persona Trocme, Hélène.
9 (RLIN) 111476
245 14 - MENCIÓN DEL TÍTULO
Título Los americanos y su arquitectura /
Mención de responsabilidad, etc. Hélène Trocme ; traducción de Pilar Calvo.
260 ## - PUBLICACIÓN, DISTRIBUCIÓN, ETC.
Lugar de publicación, distribución, etc. Madrid :
Nombre del editor, distribuidor, etc. Cátedra,
Fecha de publicación, distribución, etc. 1983.
300 ## - DESCRIPCIÓN FÍSICA
Extensión 216 p. :
Otras características físicas il. ;
Dimensiones 18 cm.
490 1# - MENCIÓN DE SERIE
Mención de serie Cuadernos Arte Cátedra
700 1# - ENTRADA AGREGADA--NOMBRE PERSONAL
Nombre de persona Calvo, Pilar.
9 (RLIN) 33860
830 0# - PUNTO DE ACCESO ADICIONAL DE SERIE-TÍTULO UNIFORME
Título uniforme Cuadernos arte Cátedra
9 (RLIN) 181519
852 ## - LOCALIZACIÓN
Ubicación ES-MaACL
Número de control de estantería L-5438
Sublocalización o colección R.105902
Holdings
Estatus retirado Estado de pérdida Estado de daño No para préstamo Biblioteca de origen Biblioteca actual Ubicación en estantería Fecha de adquisición Fuente de adquisición Total de préstamos Signatura topográfica completa Código de barras Visto por última vez Precio de reemplazo Tipo de ítem Koha
        Biblioteca del Ateneo de Madrid Biblioteca del Ateneo de Madrid Depósito 2 17/01/2008     L-5438 1153295 23/02/2023 23/02/2023 Libro impreso